000 00705nam a22002177a 4500
003 BUBTL
008 230327b ||||| |||| 00| 0 eng d
020 _a9789849500490
041 _aeng
082 _a346.0045492/ H139l/ 2024
100 _93017
_aHalim, Md. Abdul
245 _aLaws on Equity and Trust in Bangladesh/
_cMd. Abdul Halim
250 _a10th ed.
260 _aDhaka:
_bBeacon Publications,
_cc2024
300 _a254 p. :
_b21 cm.
505 _aLaws on Equity and Trust in Bangladesh, Common Laws and Equity, Maxims of Equity, Law of Trust, Public Trust
650 0 _92102
_aLaw
856 _k0
_l0
_yDownload
942 _2ddc
_cBK
999 _c7336
_d7336